ڈاکٹر ذاکر حسین :/ (Record no. 108200)
[ view plain ]
| 000 -LEADER | |
|---|---|
| fixed length control field | 01092nam a22002777a 4500 |
| 005 - DATE AND TIME OF LATEST TRANSACTION | |
| control field | 20170123162336.0 |
| 010 ## - LIBRARY OF CONGRESS CONTROL NUMBER | |
| LC control number | A-770676 |
| 020 ## - INTERNATIONAL STANDARD BOOK NUMBER | |
| Terms of availability | 15.00 |
| International Standard Book Number | 8172017871 |
| 035 ## - SYSTEM CONTROL NUMBER | |
| System control number | A-770676 |
| 037 ## - SOURCE OF ACQUISITION | |
| Source of stock number/acquisition | Cen Lib/Ret |
| 040 ## - CATALOGING SOURCE | |
| Original cataloging agency | DPL |
| Language of cataloging | UR |
| 082 ## - DEWEY DECIMAL CLASSIFICATION NUMBER | |
| Classification number | 921 |
| Item number | ذ ا ک |
| 100 ## - MAIN ENTRY--PERSONAL NAME | |
| Personal name | خورشید عالم خان |
| 9 (RLIN) | 124624 |
| 245 ## - TITLE STATEMENT | |
| Title | ڈاکٹر ذاکر حسین :/ |
| Statement of responsibility, etc | خورشید عالم خان [اور] بی صحیح الی ؛ ترجمہ ابولکلام قاسمی |
| 246 ## - VARYING FORM OF TITLE | |
| Title proper/short title | Doctor Zakir Husain / |
| Remainder of title | by Khursheed Alam Khan [and] B. Sheh Ali ; trsalted by Abulkalam Azad |
| 260 ## - PUBLICATION, DISTRIBUTION, ETC. (IMPRINT) | |
| Place of publication, distribution, etc | دہلی |
| Name of publisher, distributor, etc | ساہتیہ اکادمی |
| Date of publication, distribution, etc | 1995 |
| 270 ## - ADDRESS | |
| City | دہلی |
| Address | رویندرا بھوں ، ٣٥ فیروز شاہ مارگ |
| Postal code | 110001 |
| 300 ## - PHYSICAL DESCRIPTION | |
| Extent | 148p |
| Dimensions | 21cm(Hb) |
| 650 ## - SUBJECT ADDED ENTRY--TOPICAL TERM | |
| Topical term or geographic name as entry element | ادب -- اردو |
| 9 (RLIN) | 124625 |
| 650 ## - SUBJECT ADDED ENTRY--TOPICAL TERM | |
| Topical term or geographic name as entry element | اردو سوانے عمری |
| 9 (RLIN) | 124626 |
| 650 ## - SUBJECT ADDED ENTRY--TOPICAL TERM | |
| Topical term or geographic name as entry element | Literature -- Urdu |
| 9 (RLIN) | 124627 |
| 650 ## - SUBJECT ADDED ENTRY--TOPICAL TERM | |
| Topical term or geographic name as entry element | Urdu biography |
| 9 (RLIN) | 511 |
| 700 ## - ADDED ENTRY--PERSONAL NAME | |
| Personal name | بی صحیح الی |
| 9 (RLIN) | 109925 |
| 700 ## - ADDED ENTRY--PERSONAL NAME | |
| Personal name | ابولکلام قاسمی |
| 9 (RLIN) | 110229 |
| 942 ## - ADDED ENTRY ELEMENTS (KOHA) | |
| Source of classification or shelving scheme | Dewey Decimal Classification |
| Koha item type | Urdu Bks |
| Classification part | 921 |
| Call number suffix | ذ ا ک |
| Withdrawn status | Lost status | Damaged status | Not for loan | Home library | Current library | Date acquired | Source of acquisition | Cost, normal purchase price | Total Checkouts | Full call number | Barcode | Date last seen | Copy number | Cost, replacement price | Price effective from | Koha item type |
|---|---|---|---|---|---|---|---|---|---|---|---|---|---|---|---|---|
| Central Library | Central Library | 15/01/2016 | Cen Lib/Ret | 15.00 | 921 ذ ا ک | A-770676 | 15/01/2016 | 1 | 15.00 | 15/01/2016 | Urdu Bks |
